Famosos Novaiorquinos - Statistics

Estatísticas Gerais
  • Esse quiz foi jogado 48 vezes
  • A pontuação média é 5 de 15
Estatísticas das Respostas
Imagem Resposta % Correto
Lady Gaga
93%
Jennifer Lopez
85%
Jay-Z
83%
Stan Lee
65%
Robert De Niro
46%
Whoopi Goldberg
33%
Puff Daddy
17%
Steve Buscemi
17%
Theodore Roosevelt
17%
Julia Louis-Dreyfus
9%
Rudy Giuliani
9%
Billy Joel
7%
Groucho Marx
7%
Regis Philbin
2%
Vera Wang
2%
Nenhum quiz correspondente encontrado
Distribuição das Pontuações
Porcentagem de Pessoas com Cada Pontuação
Percentil de Números Respondidos
Sua Pontuação Histórica
Você não jogou esse quiz